Bürgerliches Gesetzbuch und zugehörige Gesetze : (Record no. 6153)

MARC details
000 -LEADER
fixed length control field 01008cam a2200301 a 4500
001 - CONTROL NUMBER
control field 485825
005 - DATE AND TIME OF LATEST TRANSACTION
control field 20210224124745.0
008 - FIXED-LENGTH DATA ELEMENTS--GENERAL INFORMATION
fixed length control field 840406s1984 gw 001 0 ger
010 ## - LIBRARY OF CONGRESS CONTROL NUMBER
LC control number 84146418
020 ## - INTERNATIONAL STANDARD BOOK NUMBER
International Standard Book Number 3406094783 :
Terms of availability DM18.80
040 ## - CATALOGING SOURCE
Original cataloging agency DLC
Transcribing agency TZ-ArACH
041 ## - LANGUAGE CODE
Language code of text/sound track or separate title German
043 ## - GEOGRAPHIC AREA CODE
Geographic area code e-gw---
050 00 - LIBRARY OF CONGRESS CALL NUMBER
Classification number KK985
Item number .A52 1966
110 1# - MAIN ENTRY--CORPORATE NAME
Corporate name or jurisdiction name as entry element Germany.
240 10 - UNIFORM TITLE
Uniform title <a href="Bürgerliches Gesetzbuch">Bürgerliches Gesetzbuch</a>
245 10 - TITLE STATEMENT
Title Bürgerliches Gesetzbuch und zugehörige Gesetze :
Remainder of title Textausgabe mit Verweisungen und Sachverzeichnis.
246 ## - VARYING FORM OF TITLE
Title proper/short title Civil Code and associated laws :
Remainder of title text output with references (Germany)
250 ## - EDITION STATEMENT
Edition statement 99., völlig neubearbeitete Aufl. nach dem Stand vom 1. November 1983.
260 ## - PUBLICATION, DISTRIBUTION, ETC. (IMPRINT)
Place of publication, distribution, etc München :
Name of publisher, distributor, etc Beck,
Date of publication, distribution, etc 1966.
300 ## - PHYSICAL DESCRIPTION
Extent xxvii, 1098 p. ;
Dimensions 17 cm.
490 0# - SERIES STATEMENT
Series statement Beck'sche Textausgaben
500 ## - GENERAL NOTE
General note Includes index.
504 ## - BIBLIOGRAPHY, ETC. NOTE
Bibliography, etc Index (sachverzeichnis)
650 #0 - SUBJECT ADDED ENTRY--TOPICAL TERM
Topical term or geographic name as entry element Civil law
Geographic subdivision Germany (West)
906 ## - LOCAL DATA ELEMENT F, LDF (RLIN)
a 7
b cbc
c orignew
d 3
e ncip
f 19
g y-gencatlg
942 ## - ADDED ENTRY ELEMENTS (KOHA)
Source of classification or shelving scheme Library of Congress Classification
Koha item type Books
Holdings
Home library Current library Date acquired Full call number Barcode Koha item type Public note
African Court on Human and Peoples' Rights Library African Court on Human and Peoples' Rights Library 24/02/2021 KK985 .A52 1966 10197311 Books Donation by the International Law Book Facility (ILBF)

African Court on Human and Peoples' Rights | For Inquiries Contact » +255 272 510 510